000 01252cam a22002891i 4500
003 SA-RiAUC
005 20250211062047.0
008 250210s1996 su g b 000 0 ara c
020 _a9960910040
040 _aJO-IrYU
_bara
_cSA-RiAUC
_erda
082 0 4 _a213
_qSA-RiAUC
090 _a213
_bع م ا
100 1 _aالعمار، حمد بن ناصر بن عبد الرحمن،
_d1382 هجري-
_eمؤلف.
245 1 0 _aأساليب الدعوة الإسلامية المعاصرة /
_cتأليف حمد بن ناصر بن عبد الرحمن العمار.
250 _aالطبعة الأولى.
264 1 _aالرياض :
_bدار إشبيليا :
_bمركز الدراسات والإعلام،
_c1996
300 _a692 صفحة ؛
_c24 سم
336 _aنص
_btxt
_2rdacontent
_3كتاب
337 _aبدون وسيط
_bn
_2rdamedia
338 _aمجلد
_bnc
_2rdacarrier
500 _aالأصل أطروحة (دكتوراه)-جامعة الإمام محمد بن سعود الإسلامية، 1414هـ.
504 _aببليوجرافية : صفحة 651-683.
650 7 _aالدعوة الإسلامية
_2aucsh
650 7 _aالوعظ والإرشاد
_2aucsh
942 _2ddc
_cBOOK
_n0
949 _aSA-JeALM
_d250210
_uosman123
_n1
999 _c5800
_d5800